000
00339 a2200157 4500
001
162884
020
_a
040
_c
Magnum
100
_a
Soares, Jose Luis
240
1
0
_a
O xango de baker street
_l
por
245
1
0
_a
O xango de baker street
362
0
_a
1899
440
1
_a
Companhia das Letras
697
_a
A/ROMANCE
942
_c
BK
999
_c
162884
_d
162884